Songs of heaven / (Record no. 4366)

MARC details
000 -LEADER
fixed length control field 00763pam a2200265 i 4500
001 - CONTROL NUMBER
control field 44016
003 - CONTROL NUMBER IDENTIFIER
control field GBCCL
005 - DATE AND TIME OF LATEST TRANSACTION
control field 20241126110517.0
008 - FIXED-LENGTH DATA ELEMENTS--GENERAL INFORMATION
fixed length control field 800110s1980 nju b 00010 eng
010 ## -
-- 80000450
020 ## - INTERNATIONAL STANDARD BOOK NUMBER
International Standard Book Number 0800711076
035 ## - SYSTEM CONTROL NUMBER
System control number OCM05946621 820911
040 ## - CATALOGING SOURCE
Original cataloging agency DLC
Transcribing agency DLC
Modifying agency m.c.
-- LBB
049 ## -
-- LBBK
050 0# -
-- BS2825.2
-- .C57
082 ## - DEWEY DECIMAL CLASSIFICATION NUMBER
Classification number 228.06
Edition information 19
Item number COL
092 ## - LOCALLY ASSIGNED DEWEY CALL NUMBER (OCLC)
Classification number 228.06
Item number C692
100 1# - MAIN ENTRY--PERSONAL NAME
Personal name Coleman, Robert Emerson,
Dates associated with a name 1928-
9 (RLIN) 6053
245 10 - TITLE STATEMENT
Title Songs of heaven /
Statement of responsibility, etc. Robert E. Coleman.
260 ## - PUBLICATION, DISTRIBUTION, ETC.
Place of publication, distribution, etc. Old Tappan, N.J. :
Name of publisher, distributor, etc. Revell,
Date of publication, distribution, etc. c1980.
300 ## - PHYSICAL DESCRIPTION
Extent 159 p. ;
Dimensions 22 cm.
504 ## - BIBLIOGRAPHY, ETC. NOTE
Bibliography, etc. note Includes bibliographical references.
630 00 - SUBJECT ADDED ENTRY--UNIFORM TITLE
Uniform title Bible.
Name of part/section of a work N.T.
-- Revelation
General subdivision Criticism, interpretation, etc.
9 (RLIN) 8207
942 ## - ADDED ENTRY ELEMENTS (KOHA)
Source of classification or shelving scheme Dewey Decimal Classification
Koha item type Books
Koha issues (borrowed), all copies 2
Holdings
Withdrawn status Lost status Source of classification or shelving scheme Damaged status Not for loan Home library Current Library Shelving location Date acquired Total checkouts Total renewals Full call number Barcode Date last seen Date last checked out Copy number Price effective from Koha item type
    Dewey Decimal Classification     GRACE BIBLE COLLEGE GRACE BIBLE COLLEGE Biblical Studies 2018-01-19 2 1 228.06 COL 001700 2025-05-01 2018-03-23 c.1 2018-01-19 Books
© Grace Bible College Library 2025